BIBLIOTECA PODER JUDICIAL
Portal Judicial TDF

La Observación General 25 del Comité de los Derechos del Niño : (Registro nro. 5767)

000 -LEADER
fixed length control field 01236nab a22002417a 4500
003 - CONTROL NUMBER IDENTIFIER
control field OSt
005 - DATE AND TIME OF LATEST TRANSACTION
control field 20260105205857.0
008 - FIXED-LENGTH DATA ELEMENTS--GENERAL INFORMATION
fixed length control field 190514b xxu||||| |||| 00| 0 spa d
040 ## - CATALOGING SOURCE
Transcribing agency PJ
100 ## - MAIN ENTRY--PERSONAL NAME
9 (RLIN) 6682
Personal name Ilacqua, Marcela
245 13 - TITLE STATEMENT
Title La Observación General 25 del Comité de los Derechos del Niño :
Remainder of title una nueva agenda para los derechos de las infancias en el entorno digital /
Statement of responsibility, etc Marcela Ilacqua.
300 ## - PHYSICAL DESCRIPTION
Extent p. 6-17
500 ## - GENERAL NOTE
General note Cita Online:
505 ## - FORMATTED CONTENTS NOTE
Formatted contents note Sumario: I. Introducción.— II. La Convención sobre los Derechos del Niño. Un documento vivo.— III. El emergente de lo digital. Un<br/>cambio de era, una nueva agenda para los derechos de las infancias.— IV. Análisis de algunos aspectos de la OG25.— V. En perspectiva: un llamado a la acción.
505 ## - FORMATTED CONTENTS NOTE
Title Si te interesa el texto, comunicate a koha@justierradelfuego.gov.ar
650 #0 - SUBJECT ADDED ENTRY--TOPICAL TERM
9 (RLIN) 967
Topical term or geographic name as entry element DERECHO DE FAMILIA
650 #0 - SUBJECT ADDED ENTRY--TOPICAL TERM
9 (RLIN) 2741
Topical term or geographic name as entry element DERECHOS DE LAS NIÑAS, NIÑOS Y ADOLESCENTES
650 #0 - SUBJECT ADDED ENTRY--TOPICAL TERM
9 (RLIN) 281
Topical term or geographic name as entry element INTERNET
650 #0 - SUBJECT ADDED ENTRY--TOPICAL TERM
9 (RLIN) 2735
Topical term or geographic name as entry element CONVENCIÓN SOBRE LOS DERECHOS DEL NIÑO
650 #0 - SUBJECT ADDED ENTRY--TOPICAL TERM
Topical term or geographic name as entry element TECNOLOGIA DE LA INFORMACION
9 (RLIN) 289
773 0# - HOST ITEM ENTRY
Host Biblionumber 2844
Host Itemnumber 3222
Place, publisher, and date of publication Buenos Aires : AbeledoPerrot, 1989-
Title Derecho de familia. N° 113 - Marzo 2024
International Standard Book Number 18511201
942 ## - ADDED ENTRY ELEMENTS (KOHA)
Source of classification or shelving scheme
Koha item type Analítica Artículo de Revista

No hay ítems disponibles.

12 de Octubre 789 Ushuaia - Tel:  54(02901)441571
Horario de Atención: 8.00 a 17.00 hs. 
bibliotecaush@justierradelfuego.gov.ar
koha@justierradelfuego.gov.ar
Seguinos en nuestras redes @bibliojustdf 

Con tecnología Koha